000 00506 a2200157 4500
999 _c3368
_d3368
020 _a0809278073
050 0 0 _aKF297 BRY 1978
100 1 _aMartinson, Thomas H.
_eauthor
245 1 0 _aPreparation for the Law School Admission Test (LSAT) /
_cby Thomas H. Martinson.
250 _aCompletely new ed.
264 _aOntarip, Canada:
_bBeaverbooks.
_c1978
300 _a470 p. :
_bill. ;
500 _ainclude table of contents.
650 0 _aLaw schools
_xEntrance examinations.
942 _2lcc
_cBK
_h285
_iMAR
_kKF